Incremento de áreas impermeables por cambios de usos de la tierra en la microcuenca del río Burío /
Αποθηκεύτηκε σε:
| Κύριος συγγραφέας: | |
|---|---|
| Άλλοι συγγραφείς: | |
| Μορφή: | Κείμενο |
| Ετικέτες: |
Προσθήκη ετικέτας
Δεν υπάρχουν, Καταχωρήστε ετικέτα πρώτοι!
|
MARC
| LEADER | 00000 a a2200000 04500 | ||
|---|---|---|---|
| 001 | 47325 | ||
| 003 | |||
| 040 | |||
| 100 | |a Masís Campos, Ramón | ||
| 245 | |a Incremento de áreas impermeables por cambios de usos de la tierra en la microcuenca del río Burío / |c Ramón Masís Campos, Hubert Vargas Picado | ||
| 700 | |a Vargas Picado, Hubert | ||
| 773 | |g volumen93, número1, (2014), páginas 33-46 : tablas, gráfico, mapas | ||
| 999 | |c 29826 |d 29826 | ||
